| 000 | 01182naa a2200325 c 4500 | ||
|---|---|---|---|
| 001 | 31572 | ||
| 003 | ES-MaCES | ||
| 005 | 20000308140000.0 | ||
| 008 | 000308n1999 sz ||| | spa d | ||
| 035 | _aCES20000000921v | ||
| 040 |
_aES-MaCES _bspa _cES-MaCES |
||
| 100 | 1 |
_aBadgett, M.V.Lee _96862 |
|
| 245 | 1 | 0 |
_a¿Quién cuida de los demás? _b: normas sociosexuales y consecuencias económicas _cM.V. Lee Badgett y Nancy Folbre |
| 504 | _aBibliografía: p. 363-365 | ||
| 650 | 4 |
_aEspaña _926964 |
|
| 650 | 4 |
_aconsecuencias económicas _927082 |
|
| 650 | 4 |
_atrabajador doméstico _928431 |
|
| 650 | 4 |
_adiferencia del salario _929458 |
|
| 650 | 4 |
_adivisión del trabajo por sexo _930439 |
|
| 650 | 4 |
_asegmentación del mercado de trabajo _929566 |
|
| 650 | 4 |
_adiscriminación por razones de sexo _929521 |
|
| 650 | 4 |
_atrabajadora _928413 |
|
| 650 | 4 |
_amujeres _928657 |
|
| 653 | 1 | 0 | _aMujer |
| 700 | 1 |
_aFolbre, Nancy _912224 |
|
| 773 | 0 |
_tRevista internacional del trabajo _gvol. 118, n. 3 (1999){10380 R. 034558}; p. 347-365 _w(ES-MaCES)25390 _954684 |
|
| 902 | _aART Artículo de revista | ||
| 942 |
_2CES _cAR _h3.3. |
||
| 999 |
_c31572 _d31572 |
||